Statistics for U.S multiple choice

Click here to take the quiz!

General Stats

  • This quiz has been taken 16 times
  • The average score is 7 of 9

Answer Stats

QuestionAnswer% Correct
Biggest state in the U.S? (by population)California
100%
Largest state in the U.S?(by size)Alaska
93%
What is the capital of Oregon?Salem
93%
Smallest state? (by population)Wyoming
93%
Smallest state in the U.S?(by size)Rhode Island
86%
Which U.S state DOES NOT borders Canada?Wisconsin
86%
Which is NOT a state that borders Arkansas?Kentucky
71%
How many states border Colorado?6
36%
Which is the biggest state that borders Kentucky?Missouri
36%

Score Distribution

Percentile by Number Answered

Percent of People with Each Score

Your Score History

You have not taken this quiz